000 02963nam a2200325 i 4500
003 OSt
005 20260525122318.0
008 260514t20242024-ukao fr 001 0beng d
020 _a9781446310007
_cRM110.00
_qpaperback
040 _aPPAK
_beng
_cPPAK
_erda
082 0 4 _223
_a743.42
090 0 0 _a743.42
_bART
_dR
100 1 _aArty, Sin,
_eauthor.
245 1 0 _aSTEP-BY-STEP PORTRAITS FROM SIMPLE SHAPES :
_bA beginner's guide to drawing faces in proportion /
_cSin Arty ; Managing Editor: Jeni Chown ; Project Editor: Jenny Fox-Proverbs ; Photography: Jason Jenkins
264 1 _aExeter, England :
_bDAVID & CHARLES,
_c2024
264 4 _c©2024
300 _a143 pages :
_billustrations, colour photographs ;
_c28 cm
336 _atext
_2rdacontent
337 _aunmediated
_2rdamedia
338 _avolume
_2rdacarrier
500 _aIncludes index.
520 _aFeel the fear and draw faces anyway Many beginner artists feel intimidated by drawing portraits - getting faces and anatomy in proportion can seem really difficult. But it doesn't have to be This book alleviates all those anxieties by training the eye to look for simple forms first, and to use this foundation to free the artist to develop their portrait drawing skills. Through the meticulously designed exercises and step-by-step tutorials in this book, internet art guru Satyajit Sinari - better known as SinArty - helps artists unlock their portrait drawing potential and create intricate artworks, starting from really simple shapes and building up to more advanced sketching and shading techniques, in graphite and charcoal pencil. In this eye-opening and generous sharing of his personal techniques, SinArty explains that to be a good artist is to be a good critic of art. Understanding proportion and training the eye to spot mistakes is a crucial step in the process. This book teaches you how to critique your own art while drawing, as well as how to perfect your linework, pencil pressure, control and more. This comprehensive guide covers everything from how to hold the pencil to intermediate-level shading techniques to create contrast and depth in drawings. Packed with easy-to-follow guidance, this unique book will help readers to become better artists and create a solid base to take into other genres besides portraits. With a focus on drawing from references rather than life, the tutorials include portraits of living subjects, drawings of sculptures, and human anatomy. The book also touches on composition and drawing from the imagination. Start from simple shapes and watch your portrait drawing skills flourish with this fool-proof step-by-step guide.
650 1 0 _aPortrait drawing
_xTechniques
650 2 0 _aPortrait drawing
_xCollections
650 2 0 _aPortrait painting
700 1 _aChown, Jeni,
_eeditor.
700 1 _aFox-Proverbs, Jenny,
_eeditor.
700 1 _aJenkins, Jason,
_ephotographer.
942 _2ddc
_cB
999 _c204286
_d204286